00443nam a2200169Ia 45000030006000000050017000060080041000230400009000640410012000730820017000851000018001022450023001202600009001439420007001529990017001599520097001760Nust20170105110248.0161124s9999 xx 000 0 und d cIGIS aEnglish a910.022bSTR aStrahler Alan aPhysical Geography c2002 cBK c30534d30534 001040708TextaIGISbIGISd0000-00-00l0o910.022STRpIGIS160r2017-01-05w0000-00-00yBK